Ali-Baba e os quarenta ladrões (Registo nº 1734)

Detalhes MARC
000 -Etiqueta do registo
Cabeçalho 00750nam a22002531 4500
005 - Identificador da versão
Campo de controlo 20240813121915.0
021 ## - Número do Depósito Legal
Código do país PT
100 ## - Dados gerais de processamento
Dados gerais de processamento 20070430ds.d. cd y0pory5003 ba
102 ## - Pais de publicação ou produção
País de publicação Portugal
101 0# - Língua de publicação
Língua do texto, banda sonora, etc. Português
106 ## - Campo de dados codificados: material textual
Dados codificados do material textual r
105 ## - Campo de dados codificados: livros
Dados codificados dos livros a t 000zy
215 ## - Descrição física 
Indicação específica da natureza do documento e extensão da espécie 48 p.
Outras indicações físicas todo il.
Dimensões 29 cm
200 1# - Titulo e menção de responsabilidade
Título próprio Ali-Baba e os quarenta ladrões
Primeira menção de responsabilidade il. Chiqui de la Fuente
Outras menções de responsabilidade argumento de Carlos A. Cornejo
210 ## - Publicação, Distribuição, etc. 
Lugar da edição, distribuição, etc. Lisboa
Nome do editor, distribuidor, etc. Editorial Futura
Data da publicação, distribuição, etc. s.d.
606 ## - Nome comum usado como assunto
Número de registo de entrada de autoridade 0000223
Palavra de ordem Literatura portuguesa infanto-juvenil
Subdivisão de assunto Banda desenhada
675 ## - Classificação Decimal Universal (CDU)
Notação 821.134.3-9
Edição
Língua da edição por
701 #1 - Nome de autor-pessoa física (co-responsabilidade principal)
Palavra de ordem Cornejo
Outra parte do nome não tomada para palavra de ordem Carlos A.
Código de função Autor / Co-autor
700 #1 - Nome de autor-pessoa física (responsabilidade principal)
Número de registo de entrada de autoridade 0000224
Palavra de ordem Fuente
Outra parte do nome não tomada para palavra de ordem Chiqui de la
942 ## - Elementos de entrada adicionados (Koha)
Tipo de item no Koha Livro
Exemplares
Situação do levantamento Origin of item (home branch) (coded) Biblioteca de empréstimo Código de barras Cota Circulation type (not for loan) Tipo de documento Nota do exemplar Damaged status
  Biblioteca Escolar da Coca Maravilhas Biblioteca Escolar da Coca Maravilhas BECM80/90 8BD FUE   Livro Sem mensagem